[Event "N�-LL2006_07"]
[Site "?"]
[Date "2006.09.17"]
[Round "1"]
[White "Degen, Gerhard"]
[Black "Penz, Harald"]
[Result "1/2-1/2"]
[WhiteElo "2207"]
[BlackElo "2309"]
[Annotator "Schwarzatal : Mauerbach"]
[PlyCount "42"]
[EventDate "2006.09.19"]
[SourceDate "2006.09.19"]

1. d4 d5 2. c4 c5 3. cxd5 Qxd5 4. Nf3 cxd4 5. Nc3 Qa5 6. Nxd4 Nf6 7. Nb3 Qc7 8.
Bg5 Nc6 9. e3 e5 10. Be2 Bb4 11. Bxf6 Bxc3+ 12. bxc3 gxf6 13. O-O Bf5 14. Bg4
Rd8 15. Qf3 Bxg4 16. Qxg4 Qc8 17. Qh4 Rg8 18. Qxf6 Qg4 19. g3 h5 20. f3 Qh3 21.
Rad1 Rxg3+ 1/2-1/2

[Event "N�-LL2006_07"]
[Site "?"]
[Date "2006.09.17"]
[Round "1"]
[White "Thoma, Wilhelm"]
[Black "Weinwurm, Wolfgang"]
[Result "1/2-1/2"]
[WhiteElo "2156"]
[BlackElo "2183"]
[Annotator "Schwarzatal : Mauerbach"]
[PlyCount "77"]
[EventDate "2006.09.19"]
[SourceDate "2006.09.19"]

1. d4 Nf6 2. c4 g6 3. Nc3 Bg7 4. e4 d6 5. Nf3 O-O 6. Be2 e5 7. O-O exd4 8. Nxd4
Re8 9. f3 Nc6 10. Nc2 Nh5 11. f4 Bxc3 12. Bxh5 gxh5 13. bxc3 Rxe4 14. Qxh5 Qf6
15. f5 Rh4 16. Qf3 Ne5 17. Qe3 Bd7 18. c5 Re8 19. cxd6 Bc6 20. dxc7 Re4 21. Qh6
Qxh6 22. Bxh6 Re2 23. Rfe1 Rxg2+ 24. Kf1 f6 25. Nd4 Rxh2 26. Nxc6 bxc6 27. Rad1
Rh1+ 28. Kg2 Rxe1 29. Rd8 Nf7 30. c8=Q Rxd8 31. Qc7 Re2+ 32. Kf1 Rde8 33. Qg3+
Ng5 34. Bxg5 fxg5 35. Qxg5+ Kf7 36. f6 Re1+ 37. Kf2 R8e2+ 38. Kf3 Re3+ 39. Kf2
1/2-1/2

[Event "N�-LL2006_07"]
[Site "?"]
[Date "2006.09.17"]
[Round "1"]
[White "Savio jun, Alfred"]
[Black "Ponjican, Erich"]
[Result "1/2-1/2"]
[WhiteElo "2060"]
[BlackElo "2118"]
[Annotator "Schwarzatal : Mauerbach"]
[PlyCount "96"]
[EventDate "2006.09.19"]
[SourceDate "2006.09.19"]

1. d4 d5 2. Nf3 e6 3. c4 c6 4. e3 Nf6 5. Nc3 Nbd7 6. Bd3 Bd6 7. O-O O-O 8. Qc2
dxc4 9. Bxc4 e5 10. Bd2 Qe7 11. Rfe1 e4 12. Ng5 Bxh2+ 13. Kxh2 Ng4+ 14. Kg1
Qxg5 15. Nxe4 Qh4 16. Ng3 Ndf6 17. Bc3 Re8 18. e4 Nh5 19. Qd3 Nf4 20. Qf3 Nh2
21. Qe3 g5 22. Nf1 Ng4 23. Qg3 Qh6 24. Ne3 Nf6 25. Nf5 Bxf5 26. exf5 Re4 27.
Rxe4 Nxe4 28. Qf3 Nxc3 29. bxc3 Re8 30. g3 Qh5 31. Qxh5 Nxh5 32. Kf1 Kg7 33.
Re1 Rxe1+ 34. Kxe1 Kf6 35. Be2 Ng7 36. g4 Ke7 37. Kd2 Kd6 38. c4 b6 39. Ke3 c5
40. Bf3 f6 41. a4 Ne8 42. Bb7 Nc7 43. Kd3 h6 44. Ke3 Ne8 45. Bc8 cxd4+ 46. Kxd4
Kc6 47. Be6 Kd6 48. Bc8 Nc7 1/2-1/2

[Event "N�-LL2006_07"]
[Site "?"]
[Date "2006.09.17"]
[Round "1"]
[White "Weiss, Christian"]
[Black "Zwettler, Martin"]
[Result "1-0"]
[WhiteElo "2451"]
[BlackElo "2207"]
[Annotator "Zwettl : P�chlarn"]
[PlyCount "48"]
[EventDate "2006.09.19"]
[SourceDate "2006.09.20"]

1. d4 e6 2. Nf3 c5 3. c4 Nf6 4. g3 cxd4 5. Nxd4 a6 6. Bg2 Qc7 7. Nd2 Nc6 8.
Nxc6 dxc6 9. O-O e5 10. Qc2 Bg4 11. Nf3 Nd7 12. Bd2 a5 13. Rad1 f6 14. Be3 Be7
15. Nh4 O-O-O 16. a3 g6 17. b4 f5 18. Nf3 Bxf3 19. Bxf3 h5 20. c5 h4 21. Qc4
hxg3 22. fxg3 Nf6 23. Qe6+ Kb8 24. Rxd8+ Rxd8 {Rest nicht lesbar, 1:0 im 39.Zug
} 1-0

[Event "N�-LL2006_07"]
[Site "?"]
[Date "2006.09.17"]
[Round "1"]
[White "Vykydal, Frantisek"]
[Black "Knoll, Hermann"]
[Result "0-1"]
[WhiteElo "2264"]
[BlackElo "2373"]
[Annotator "Zwettl : P�chlarn"]
[PlyCount "68"]
[EventDate "2006.09.19"]
[SourceDate "2006.09.20"]

1. e4 e5 2. Nf3 Nc6 3. Bb5 a6 4. Ba4 Nf6 5. Bxc6 dxc6 6. d3 Nd7 7. O-O Be7 8.
Nbd2 O-O 9. Nc4 f6 10. a4 Nc5 11. h3 Ne6 12. Be3 c5 13. c3 Bd7 14. Qb3 Rb8 15.
d4 cxd4 16. cxd4 exd4 17. Bxd4 Kh8 18. Rfd1 Qe8 19. Ba7 Ra8 20. Be3 b6 21. Qc2
Bc6 22. Nd4 Nxd4 23. Bxd4 Rd8 24. Ne3 Bd6 25. f3 Bf4 26. Nf1 a5 27. Bf2 Rxd1
28. Qxd1 f5 29. exf5 Rxf5 30. Bg3 Bxg3 31. Nxg3 Qe3+ 32. Kh2 Qf4 33. b3 h5 34.
Rc1 Bd5 0-1

[Event "N�-LL2006_07"]
[Site "?"]
[Date "2006.09.17"]
[Round "1"]
[White "Weinzettl, Ernst"]
[Black "Janetschek, Karl"]
[Result "1-0"]
[WhiteElo "2327"]
[BlackElo "2289"]
[Annotator "Zwettl : P�chlarn"]
[PlyCount "83"]
[EventDate "2006.09.19"]
[SourceDate "2006.09.20"]

1. e4 e5 2. Nf3 Nc6 3. Bb5 a6 4. Ba4 Nf6 5. d3 d6 6. c3 g6 7. Bg5 h6 8. Bh4 Bg7
9. Nbd2 O-O 10. Nf1 Ne7 11. Ne3 c6 12. Bc2 Ng4 13. Nc4 b5 14. Ncd2 g5 15. h3
Nf6 16. Bg3 Nh5 17. Qe2 Nxg3 18. fxg3 f5 19. Bb3+ Kh7 20. O-O-O Ng6 21. h4 gxh4
22. Nxh4 Qg5 23. Kb1 Qxg3 24. Nxg6 Qxg6 25. Nf3 fxe4 26. dxe4 Bg4 27. Qe3 Rf4
28. Nh4 Qf6 29. Rde1 a5 30. Bc2 a4 31. a3 c5 32. g3 Rf2 33. Bd1 Be6 34. Bf3
Rxf3 35. Nxf3 Kg8 36. Rhf1 Bf7 37. Nh4 Qe6 38. Rxf7 Qxf7 39. Nf5 b4 40. cxb4
cxb4 41. Nxh6+ Bxh6 42. Qxh6 1-0

[Event "N�-LL2006_07"]
[Site "?"]
[Date "2006.09.17"]
[Round "1"]
[White "Lipp, Alfred"]
[Black "Steinm�ller, G�nther"]
[Result "1/2-1/2"]
[WhiteElo "2174"]
[BlackElo "2151"]
[Annotator "Zwettl : P�chlarn"]
[PlyCount "77"]
[EventDate "2006.09.19"]
[SourceDate "2006.09.20"]

1. c4 Nf6 2. Nc3 c5 3. Nf3 Nc6 4. d4 cxd4 5. Nxd4 g6 6. e4 d6 7. Be2 Bg7 8. Be3
O-O 9. O-O Bd7 10. Qd2 Ng4 11. Bxg4 Bxg4 12. f3 Bd7 13. Rfd1 Rc8 14. b3 b6 15.
Rac1 Qc7 16. Nd5 Qb7 17. Rb1 Rfe8 18. Rdc1 Ne5 19. h3 Nc6 20. a4 Nxd4 21. Bxd4
Bc6 22. Bf2 Red8 23. Bh4 Rd7 24. Qe3 h6 25. Re1 Kh7 26. f4 Bxd5 27. exd5 a6 28.
Qd3 Kg8 29. Re4 b5 30. axb5 axb5 31. Rbe1 bxc4 32. bxc4 Rcc7 33. R1e2 Kf8 34.
g4 Qb6+ 35. Kg2 Qb7 36. Kf3 Kg8 37. Kg2 Kf8 38. Kf3 Kg8 39. Kg2 1/2-1/2

[Event "N�-LL2006_07"]
[Site "?"]
[Date "2006.09.17"]
[Round "1"]
[White "Trkulja, Zoran"]
[Black "Schroll, Gerhard"]
[Result "1/2-1/2"]
[WhiteElo "2226"]
[BlackElo "2375"]
[Annotator "Wr.Neustadt : Bisamberg"]
[PlyCount "41"]
[EventDate "2006.??.??"]

1. e4 e5 2. d4 exd4 3. Qxd4 Nc6 4. Qe3 Nf6 5. Bd2 Bb4 6. a3 Bxd2+ 7. Nxd2 O-O
8. O-O-O Re8 9. f4 d5 10. e5 Ng4 11. Qg3 f6 12. h3 Nh6 13. Ngf3 Nf5 14. Qf2
fxe5 15. g4 Nd6 16. fxe5 Nf7 17. Bb5 Nfxe5 18. Nxe5 Rxe5 19. Nf3 Qf6 20. Rhf1
Qf4+ 21. Kb1 1/2-1/2

[Event "N�-LL2006_07"]
[Site "?"]
[Date "2006.09.17"]
[Round "1"]
[White "Posch, Werner"]
[Black "Pammer, Andreas"]
[Result "1-0"]
[WhiteElo "2262"]
[BlackElo "2212"]
[Annotator "Wr.Neustadt : Bisamberg"]
[PlyCount "48"]
[EventDate "2006.??.??"]

1. e4 c5 2. Nc3 e6 3. g3 a6 4. Bg2 b5 5. d3 Bb7 6. Nh3 g6 7. O-O Bg7 8. Bg5 Qc7
9. Qd2 h6 10. Be3 d6 11. f4 Nc6 12. f5 gxf5 13. exf5 Nd4 14. fxe6 fxe6 15. Ne4
O-O-O 16. c3 Nf5 17. Nf4 Bd5 18. Nxd5 exd5 19. Rxf5 dxe4 20. Bxe4 Nf6 21. Bg2
Rde8 22. a4 b4 23. Raf1 Qe7 24. Bf4 a5 {Rest vollkommen unrekonstruierbar.} 1-0

[Event "N�-LL2006_07"]
[Site "?"]
[Date "2006.09.17"]
[Round "1"]
[White "Wetscherek, Gerhard"]
[Black "Todor, Razvan"]
[Result "1/2-1/2"]
[WhiteElo "2089"]
[BlackElo "2152"]
[Annotator "Wr.Neustadt : Bisamberg"]
[PlyCount "96"]
[EventDate "2006.??.??"]

1. e4 d5 2. exd5 Qxd5 3. Nf3 Nf6 4. Be2 Bf5 5. Nc3 Qd6 6. Nb5 Qb6 7. a4 c6 8.
Na3 e6 9. O-O Be7 10. Nc4 Qd8 11. d3 Bg4 12. h3 Bh5 13. Nfe5 Bxe2 14. Qxe2 Nbd7
15. f4 O-O 16. Bd2 Nb6 17. Kh1 Nxc4 18. dxc4 Nd7 19. Bc3 Nxe5 20. Bxe5 Re8 21.
Rad1 Qc8 22. Rd3 Rd8 23. Rg3 g6 24. Bc3 Qc7 25. Be5 Qd7 26. Rd3 Qe8 27. Rfd1
Rxd3 28. Rxd3 Rd8 29. Qd2 Rxd3 30. Qxd3 Qd8 31. Qxd8+ Bxd8 32. Bd6 f6 33. c5
Kf7 34. c4 Ba5 35. Kg1 Bb4 36. Kf1 a6 37. Ke2 b6 38. Bc7 Bxc5 39. Kd3 a5 40.
Bd8 h6 41. Ke4 g5 42. f5 h5 43. g4 exf5+ 44. Kxf5 hxg4 45. hxg4 Bd4 46. b3 Kg7
47. Ke4 Be5 48. Kf5 Bd4 1/2-1/2

[Event "N�-LL2006_07"]
[Site "?"]
[Date "2006.09.17"]
[Round "1"]
[White "Wiedner, Robert"]
[Black "Hirsch, Andreas"]
[Result "1/2-1/2"]
[WhiteElo "2143"]
[BlackElo "2031"]
[Annotator "Wr.Neustadt : Bisamberg"]
[PlyCount "42"]
[EventDate "2006.??.??"]

1. Nf3 g6 2. c4 f5 3. Nc3 Nf6 4. d3 Bg7 5. e4 d6 6. exf5 Bxf5 7. Bg5 Nc6 8. Qb3
Qd7 9. h3 O-O 10. Be2 e5 11. Bxf6 Bxf6 12. Nd5 Bg7 13. Qxb7 e4 14. dxe4 Bxe4
15. Qxc6 Qxc6 16. Ne7+ Kh8 17. Nxc6 Bxc6 18. O-O-O Rab8 19. b3 Bh6+ 20. Kb2
Bg7+ 21. Kc1 Bh6+ 1/2-1/2

[Event "N�-LL2006_07"]
[Site "?"]
[Date "2006.09.17"]
[Round "1"]
[White "Rumpl, Erwin"]
[Black "Ganaus, Hannes"]
[Result "1/2-1/2"]
[WhiteElo "2288"]
[BlackElo "2318"]
[Annotator "St.P�lten : Amstetten"]
[PlyCount "45"]
[EventDate "2006.09.19"]
[SourceDate "2006.09.20"]

1. c4 c5 2. Nc3 g6 3. g3 Bg7 4. Bg2 Nc6 5. e4 a6 6. Nge2 b5 7. d3 Rb8 8. O-O d6
9. f4 Bg4 10. h3 Bxe2 11. Nxe2 bxc4 12. dxc4 Bxb2 13. Bxb2 Rxb2 14. e5 Qd7 15.
Rb1 Rxb1 16. Qxb1 Nd8 17. Rd1 Nh6 18. exd6 O-O 19. Nc3 Nf5 20. dxe7 Qxe7 21.
Qe4 Qxe4 22. Nxe4 Ne7 23. Rd7 1/2-1/2

[Event "N�-LL2006_07"]
[Site "?"]
[Date "2006.09.17"]
[Round "1"]
[White "Sekyra, Michael"]
[Black "Wadsack, Wolfgang"]
[Result "0-1"]
[WhiteElo "2113"]
[BlackElo "2241"]
[Annotator "St.P�lten : Amstetten"]
[PlyCount "88"]
[EventDate "2006.09.19"]
[SourceDate "2006.09.20"]

1. e4 d5 2. exd5 Nf6 3. Nf3 Nxd5 4. d4 Bg4 5. h3 Bxf3 6. Qxf3 Nc6 7. c3 e6 8.
Bc4 Nb6 9. Bd3 Qf6 10. Qxf6 gxf6 11. O-O O-O-O 12. Nd2 Bh6 13. Ne4 Bxc1 14.
Raxc1 f5 15. Ng5 Rd7 16. Rfe1 h6 17. Nf3 Nd5 18. Bb5 Nde7 19. Rcd1 Rhd8 20. Rd3
a6 21. Bxc6 Nxc6 22. Ne5 Nxe5 23. Rxe5 Rd5 24. Rxd5 Rxd5 25. Rg3 Kd7 26. Rg7
Ke7 27. Rh7 c5 28. dxc5 Rxc5 29. Kf1 Rb5 30. b4 Rb6 31. Rxh6 Rc6 32. Rh8 Rxc3
33. Rb8 b5 34. g3 f4 35. Kg2 f3+ 36. Kg1 Rc1+ 37. Kh2 Rf1 38. h4 Rxf2+ 39. Kh3
f5 40. g4 f4 41. Rb7+ Kf6 42. g5+ Kf5 43. Rf7+ Ke4 44. h5 Rg2 0-1

[Event "N�-LL2006_07"]
[Site "?"]
[Date "2006.09.17"]
[Round "1"]
[White "Gugler, Edgar"]
[Black "Wallner, Erich"]
[Result "1/2-1/2"]
[WhiteElo "2216"]
[BlackElo "2155"]
[Annotator "St.P�lten : Amstetten"]
[PlyCount "38"]
[EventDate "2006.09.19"]
[SourceDate "2006.09.20"]

1. d4 Nf6 2. Nf3 d6 3. Bf4 Bg4 4. e3 Nbd7 5. h3 Bxf3 6. Qxf3 c6 7. Nd2 e5 8.
Bh2 exd4 9. exd4 Be7 10. Nc4 O-O 11. Bd3 Nb6 12. O-O Nxc4 13. Bxc4 Re8 14. Rfe1
Qb6 15. c3 Bf8 16. b4 Qc7 17. a4 Qd7 18. a5 Rxe1+ 19. Rxe1 Re8 1/2-1/2

[Event "N�-LL2006_07"]
[Site "?"]
[Date "2006.09.17"]
[Round "1"]
[White "J�nger, Heinz"]
[Black "Bachmayer, Josef"]
[Result "0-1"]
[WhiteElo "2052"]
[BlackElo "2163"]
[Annotator "St.P�lten : Amstetten"]
[PlyCount "70"]
[EventDate "2006.09.19"]
[SourceDate "2006.09.20"]

1. e4 g6 2. d4 Bg7 3. Nc3 d6 4. Nf3 Nh6 5. Be2 O-O 6. O-O Nd7 7. Re1 c5 8. h3
cxd4 9. Nxd4 Nc5 10. Be3 Kh8 11. Qd2 Ng8 12. b4 Ne6 13. Nd5 Nf6 14. Nxf6 Bxf6
15. c4 Bd7 16. Rab1 b6 17. Red1 Qc7 18. Rdc1 Rad8 19. Nb5 Qb7 20. Nc3 Nc7 21.
Nd5 Nxd5 22. exd5 Bf5 23. Rb3 Kg8 24. Bd4 Bxd4 25. Qxd4 e5 26. dxe6 fxe6 27.
Bf3 Qe7 28. g4 e5 29. Bd5+ Kg7 30. Qe3 Bc8 31. Rd1 Rf4 32. Qg3 Rdf8 33. Rf3 Be6
34. Rd2 Bxd5 35. cxd5 Rxf3 0-1

[Event "N�-LL2006_07"]
[Site "?"]
[Date "2006.09.17"]
[Round "1"]
[White "Baumegger, Siegfried"]
[Black "Mahdy, Khaled"]
[Result "1/2-1/2"]
[WhiteElo "2411"]
[BlackElo "2368"]
[Annotator "Waidhofen : Baden"]
[PlyCount "57"]
[EventDate "2006.09.19"]
[SourceDate "2006.09.20"]

1. e4 e5 2. Nf3 Nc6 3. Bb5 a6 4. Ba4 d6 5. c3 Bd7 6. d4 Nge7 7. Be3 g6 8. d5
Nb8 9. c4 Bg7 10. Nc3 O-O 11. O-O Bg4 12. h3 Bxf3 13. Qxf3 Nd7 14. Bxd7 Qxd7
15. Qe2 f5 16. f3 f4 17. Bf2 g5 18. c5 h5 19. Rfc1 g4 20. hxg4 hxg4 21. Kf1 Rf7
22. Qc4 dxc5 23. Bxc5 Ng6 24. Bf2 Bf8 25. Rc2 Bd6 26. Ke2 Rh7 27. Rg1 Rh2 28.
Kd2 g3 29. Bc5 1/2-1/2

[Event "N�-LL2006_07"]
[Site "?"]
[Date "2006.09.17"]
[Round "1"]
[White "Svanda, Pavel"]
[Black "Rudof, Herbert"]
[Result "1/2-1/2"]
[WhiteElo "2208"]
[BlackElo "2238"]
[Annotator "Waidhofen : Baden"]
[PlyCount "32"]
[EventDate "2006.09.19"]
[SourceDate "2006.09.20"]

1. e4 c5 2. Nf3 Nc6 3. Bc4 e6 4. O-O d5 5. exd5 exd5 6. Re1+ Be7 7. Bb5 Nf6 8.
d4 O-O 9. c3 Bg4 10. Be2 Re8 11. Be3 Qb6 12. Qb3 c4 13. Qxb6 axb6 14. Nbd2 b5
15. a3 Bd6 16. h3 Bh5 1/2-1/2

[Event "N�-LL2006_07"]
[Site "?"]
[Date "2006.09.17"]
[Round "1"]
[White "Herndlbauer, Martin"]
[Black "Dietrich, Markus"]
[Result "1/2-1/2"]
[WhiteElo "2126"]
[BlackElo "1992"]
[Annotator "Waidhofen : Baden"]
[PlyCount "65"]
[EventDate "2006.09.19"]
[SourceDate "2006.09.20"]

1. e4 d5 2. exd5 Qxd5 3. Nc3 Qd6 4. d4 Nf6 5. Nf3 a6 6. Be2 Bf5 7. Ne5 Nc6 8.
Nxc6 Qxc6 9. Bf3 Qb6 10. O-O c6 11. Na4 Qc7 12. c4 e6 13. d5 Rd8 14. Be3 c5 15.
Nc3 Bd6 16. g3 O-O 17. Bg5 Be5 18. Qb3 h6 19. Be3 exd5 20. Nxd5 Nxd5 21. Bxd5
b6 22. Rad1 Rd6 23. Rd2 Rfd8 24. Rfd1 Kf8 25. Qa4 a5 26. a3 Qd7 27. Bc6 Qc7 28.
b4 axb4 29. axb4 Rxd2 30. Rxd2 Rxd2 31. Bxd2 Qd8 32. Be3 Bd4 33. Qa3 1/2-1/2

[Event "N�-LL2006_07"]
[Site "?"]
[Date "2006.09.17"]
[Round "1"]
[White "Fuss, Herbert"]
[Black "Hardt, Christian"]
[Result "0-1"]
[WhiteElo "2033"]
[BlackElo "2132"]
[Annotator "Waidhofen : Baden"]
[PlyCount "56"]
[EventDate "2006.09.19"]
[SourceDate "2006.09.20"]

1. Nf3 c5 2. c4 d5 3. g3 Nf6 4. Bg2 Nc6 5. cxd5 Nxd5 6. O-O e5 7. Nc3 Be6 8.
Qa4 Nb6 9. Qd1 Be7 10. d3 O-O 11. Bd2 Rc8 12. b3 f5 13. Qc1 Nd5 14. Nxd5 Bxd5
15. Re1 b5 16. Bg5 e4 17. Bxe7 Qxe7 18. dxe4 fxe4 19. Qg5 Qe6 20. Nh4 h6 21.
Qh5 Ne7 22. Rad1 Kh7 23. Rxd5 Nxd5 24. Ng6 Rf5 25. Bh3 Rxh5 26. Bxe6 Re8 27.
Bf7 Rd8 28. h4 Rf5 0-1

[Event "N�-LL2006_07"]
[Site "?"]
[Date "2006.09.17"]
[Round "1"]
[White "Kummer, Helmut"]
[Black "Hangweyrer, Manfred"]
[Result "1/2-1/2"]
[WhiteElo "2335"]
[BlackElo "2381"]
[Annotator "Stockerau : Bad V�slau/Kottingbrunn"]
[PlyCount "31"]
[EventDate "2006.09.19"]
[SourceDate "2006.09.20"]

1. d4 d5 2. c4 c6 3. Nf3 Nf6 4. Nc3 a6 5. a4 e6 6. e3 c5 7. Bd3 Nc6 8. O-O cxd4
9. exd4 dxc4 10. Bxc4 Be7 11. d5 exd5 12. Nxd5 Nxd5 13. Qxd5 Be6 14. Qxd8+ Nxd8
15. Bxe6 Nxe6 16. Be3 {Rest nicht lesbar, remis im 36.Zug} 1/2-1/2

[Event "N�-LL2006_07"]
[Site "?"]
[Date "2006.09.17"]
[Round "1"]
[White "Gr�tz, Harald"]
[Black "Hansen, Kay"]
[Result "1-0"]
[WhiteElo "2359"]
[BlackElo "2180"]
[Annotator "Stockerau : Bad V�slau/Kottingbrunn"]
[PlyCount "105"]
[EventDate "2006.09.19"]
[SourceDate "2006.09.20"]

1. e4 c6 2. d4 d5 3. exd5 cxd5 4. Bd3 Nf6 5. c3 e6 6. Bf4 Bd6 7. Qd2 Bxf4 8.
Qxf4 O-O 9. Nf3 b6 10. Na3 Ba6 11. Nb5 Bxb5 12. Bxb5 a6 13. Bd3 Nbd7 14. O-O
Qb8 15. Qh4 b5 16. Rae1 Re8 17. Ne5 Nf8 18. Re3 Qb7 19. Rg3 Ne4 20. Rh3 f6 21.
f3 Ng5 22. Rg3 fxe5 23. Rxg5 exd4 24. cxd4 Rac8 25. Re1 Qe7 26. Qg4 Rc7 27.
Rge5 Qb4 28. R5e2 Rec8 29. Qf4 Rc6 30. h4 Qd6 31. Qxd6 Rxd6 32. f4 g6 33. h5
Rdc6 34. hxg6 hxg6 35. Kf2 Rc1 36. Kf3 R1c6 37. Re5 R8c7 38. g4 Kf7 39. Rh1 Rc1
40. Rxc1 Rxc1 41. a3 Rd1 42. Re3 Rd2 43. b4 Kf6 44. Be2 Ra2 45. Rc3 Nd7 46. Bd3
Nb6 47. g5+ Kf7 48. Rc7+ Kf8 49. Bxg6 Rxa3+ 50. Kg4 Nc4 51. Bh7 Nd6 52. g6 Ne8
53. Rf7# 1-0

[Event "N�-LL2006_07"]
[Site "?"]
[Date "2006.09.17"]
[Round "1"]
[White "Zojer, Thomas"]
[Black "Batyte, Daiva"]
[Result "0-1"]
[WhiteElo "2088"]
[BlackElo "2172"]
[Annotator "Stockerau : Bad V�slau/Kottingbrunn"]
[PlyCount "74"]
[EventDate "2006.09.19"]
[SourceDate "2006.09.20"]

1. d4 Nf6 2. Nf3 e6 3. c4 Bb4+ 4. Bd2 a5 5. e3 b6 6. Bd3 Bb7 7. O-O Ne4 8. a3
Be7 9. Nc3 d5 10. cxd5 exd5 11. Rc1 Nd7 12. Ne5 Nxe5 13. dxe5 Nc5 14. Bc2 O-O
15. Ne2 Ne6 16. Bc3 c5 17. f4 d4 18. f5 dxc3 19. fxe6 cxb2 20. exf7+ Rxf7 21.
Bb3 bxc1=Q 22. Bxf7+ Kh8 23. Qxc1 Bg5 24. Nf4 Qc7 25. e6 c4 26. Qc3 Qc6 27. Rf3
Qe4 28. Rg3 Bf6 29. Qe1 Bh4 30. Nh5 Qe5 31. Nf4 g5 32. Rh3 Rd8 33. Rxh4 gxf4
34. Rxf4 c3 35. Rh4 Rd2 36. e4 Qd4+ 37. Kf1 Ba6+ 0-1

[Event "N�-LL2006_07"]
[Site "?"]
[Date "2006.09.17"]
[Round "1"]
[White "Schmid, Thomas"]
[Black "Brehovsky, Paul"]
[Result "0-1"]
[WhiteElo "2117"]
[BlackElo "2140"]
[Annotator "Stockerau : Bad V�slau/Kottingbrunn"]
[PlyCount "143"]
[EventDate "2006.09.19"]
[SourceDate "2006.09.20"]

1. e4 e6 2. d4 d5 3. Nd2 Nf6 4. e5 Nfd7 5. Bd3 c5 6. c3 Nc6 7. Ne2 cxd4 8. cxd4
f6 9. exf6 Qxf6 10. Nf3 h6 11. O-O Bd6 12. Bc2 O-O 13. Qd3 Nb4 14. Qh7+ Kf7 15.
Bb3 Rd8 16. a3 Nf8 17. Qb1 Nc6 18. Qd3 Bd7 19. Re1 Kg8 20. Ng3 Be8 21. Bd2 Bf7
22. Bc3 Rac8 23. Rad1 Bc7 24. Ba4 Be8 25. Bb3 Na5 26. Bxa5 Bxa5 27. Re3 a6 28.
Ne5 Rc7 29. Rf3 Qg5 30. Qe3 Qxe3 31. Rxe3 Rdc8 32. Ne2 Bb6 33. Rc3 Ng6 34. Nf3
Bb5 35. Rxc7 Rxc7 36. Nc3 Bc4 37. Bc2 Nf4 38. Bb1 Ne2+ 39. Nxe2 Bxe2 40. Re1
Bxf3 41. gxf3 Kf7 42. Bd3 Bxd4 43. Rb1 Kf6 44. f4 Rc6 45. a4 Bc5 46. b4 Bd6 47.
Rb3 Bxf4 48. Kg2 Be5 49. b5 axb5 50. Bxb5 Rc2 51. Rf3+ Ke7 52. h3 Ra2 53. h4
Bd4 54. h5 Rc2 55. Kg3 Rc3 56. Rxc3 Bxc3 57. f3 Kf6 58. Kf2 g6 59. hxg6 Kxg6
60. Bd7 Kf6 61. Be8 e5 62. Kg3 Kg5 63. Bf7 d4 64. Bc4 Bd2 65. Bd3 Bf4+ 66. Kg2
b6 67. Bc4 Kf6 68. Kf1 Ke7 69. Bb5 Kd6 70. Ke2 Kc5 71. Be8 Kb4 72. Kd3 0-1

[Event "N�-LL2006_07"]
[Site "?"]
[Date "2006.10.01"]
[Round "2"]
[White "Volkmann, Friedrich"]
[Black "Weiss, Christian"]
[Result "1/2-1/2"]
[WhiteElo "2407"]
[BlackElo "2451"]
[Annotator "P�chlarn : Wr.Neustadt"]
[PlyCount "120"]
[EventDate "2006.09.20"]
[SourceDate "2006.10.04"]

1. e4 c5 2. Nf3 e6 3. d4 cxd4 4. Nxd4 a6 5. Bd3 Nf6 6. O-O Qc7 7. Kh1 Nc6 8.
Nxc6 dxc6 9. f4 b5 10. Nc3 e5 11. fxe5 Ng4 12. Bf4 Nxe5 13. a4 Rb8 14. Qh5 Bd6
15. Bxe5 Bxe5 16. Rxf7 g6 17. Rxc7 gxh5 18. Rxc6 bxa4 19. Nxa4 Bd7 20. Rxa6 O-O
21. Nc5 Bc8 22. Ra8 Rxa8 23. Rxa8 Bxb2 24. h3 Bd4 25. Ra5 h4 26. e5 Re8 27. e6
Kf8 28. Bxh7 Bxe6 29. Nd3 Rb8 30. g4 hxg3 31. Kg2 Rc8 32. Nf4 Bd7 33. Bf5 Bxf5
34. Rxf5+ Kg8 35. Kxg3 Rxc2 36. Kg4 Rc6 37. h4 Bg7 38. Nd5 Rg6+ 39. Kh5 Rh6+
40. Kg5 Re6 41. h5 Bh6+ 42. Kg4 Bg7 43. Nf4 Re1 44. Ra5 Bh6 45. Nd5 Bg7 46. Ra6
Kh7 47. Nf4 Rg1+ 48. Kf5 Rf1 49. Ra7 Kg8 50. Kg4 Rg1+ 51. Kh3 Rh1+ 52. Kg2 Re1
53. Ng6 Rg1+ 54. Kf3 Rf1+ 55. Ke2 Rf7 56. Ra5 Kh7 57. Nh4 Re7+ 58. Kf3 Re5 59.
Ra7 Rxh5 60. Kg4 Rh6 1/2-1/2

[Event "N�-LL 2006_07"]
[Site "?"]
[Date "2006.10.01"]
[Round "2"]
[White "Knoll, Hermann"]
[Black "Schroll, Gerhard"]
[Result "0-1"]
[WhiteElo "2373"]
[BlackElo "2375"]
[Annotator "P�chlarn : Wr.Neustadt"]
[PlyCount "80"]
[EventDate "2006.09.20"]
[SourceDate "2006.10.04"]

1. d4 f5 2. g3 Nf6 3. Bg2 g6 4. Nh3 Bg7 5. c3 d6 6. Qb3 c6 7. Na3 Qb6 8. Nc4
Qxb3 9. axb3 Nbd7 10. Ng5 d5 11. Ne6 Kf7 12. Ng5+ Kg8 13. Na5 Ne4 14. Ne6 Bf6
15. Nc7 Rb8 16. Ne8 Bg5 17. Bxe4 Bxc1 18. Bxd5+ cxd5 19. Rxc1 Nb6 20. Nc7 Bd7
21. c4 Rc8 22. Nxd5 Nxd5 23. Nxb7 Nf6 24. f3 Kf8 25. Nc5 e5 26. e3 Bc6 27. Kf2
e4 28. f4 Nd7 29. Nxd7+ Bxd7 30. Ra1 Rb8 31. Rxa7 Rxb3 32. Rha1 Rxb2+ 33. Kg1
Ke7 34. c5 Rc8 35. R7a6 Kd8 36. Rd6 Rc7 37. Ra8+ Ke7 38. Rh8 Ra7 39. Rxd7+ Rxd7
40. c6 Rc7 0-1

[Event "N�-LL 2006_07"]
[Site "?"]
[Date "2006.10.01"]
[Round "2"]
[White "Todor, Razvan"]
[Black "Loidl, Florian"]
[Result "1-0"]
[WhiteElo "2152"]
[BlackElo "2233"]
[Annotator "P�chlarn : Wr.Neustadt"]
[PlyCount "91"]
[EventDate "2006.09.20"]
[SourceDate "2006.10.04"]

1. c4 Nf6 2. Nc3 c5 3. g3 Nc6 4. Bg2 e6 5. e4 d6 6. Nge2 Be7 7. O-O O-O 8. d4
cxd4 9. Nxd4 Nxd4 10. Qxd4 Qc7 11. b3 Bd7 12. Bb2 Bc6 13. Rac1 Rfd8 14. Nd5 Qd7
15. Nxe7+ Qxe7 16. Rfe1 e5 17. Qd3 Qe6 18. Rcd1 Ne8 19. Rd2 Rab8 20. Qe3 a6 21.
Red1 Rd7 22. Qb6 Rbd8 23. Ba3 g5 24. h3 h5 25. Qe3 f6 26. Bb4 g4 27. h4 Rc8 28.
Qh6 b5 29. cxb5 Bxb5 30. Qxh5 Ng7 31. Qh6 Rdd8 32. Rxd6 Rxd6 33. Rxd6 Qe8 34.
Rxf6 Qd7 35. Rd6 Qc7 36. Rd1 Be2 37. Re1 Qc2 38. Qd2 Qxd2 39. Bxd2 Bd3 40. Rc1
Rxc1+ 41. Bxc1 Kf7 42. f3 gxf3 43. Bxf3 Ne6 44. Bb2 Nc5 45. Bxe5 Nxe4 46. Bg4
1-0

[Event "N�-LL 2006_07"]
[Site "?"]
[Date "2006.10.01"]
[Round "2"]
[White "Steinm�ller, G�nther"]
[Black "Wiedner, Robert"]
[Result "1/2-1/2"]
[WhiteElo "2151"]
[BlackElo "2143"]
[Annotator "P�chlarn : Wr.Neustadt"]
[PlyCount "114"]
[EventDate "2006.09.20"]
[SourceDate "2006.10.04"]

1. d4 Nf6 2. Nf3 b5 3. g3 Bb7 4. Bg2 e6 5. O-O Be7 6. c3 O-O 7. Qb3 a6 8. a4
Bd5 9. Qc2 c5 10. axb5 axb5 11. Rxa8 Bxa8 12. Bg5 Na6 13. Nbd2 h6 14. Bxf6 Bxf6
15. Ra1 Qb6 16. Qb3 Rb8 17. Qa3 Bb7 18. Ne5 Bxe5 19. Bxb7 Qxb7 20. dxe5 Ra8 21.
Qb3 c4 22. Qc2 Nc5 23. Rxa8+ Qxa8 24. b4 cxb3 25. Nxb3 Qa4 26. Nd4 Qxc2 27.
Nxc2 Ne4 28. Kf1 Nxc3 29. Ke1 Kf8 30. Kd2 Ne4+ 31. Ke3 d5 32. f3 Nc5 33. Kd2 g5
34. Kc3 Na6 35. Nb4 Nb8 36. Kd4 Ke7 37. Kc5 Nd7+ 38. Kxb5 Nxe5 39. Kc5 Kd7 40.
Nc2 Nc6 41. Ne3 Ne7 42. Ng4 Ng8 43. Ne5+ Ke7 44. Nc6+ Kf6 45. Kd6 h5 46. Ne5
Nh6 47. g4 hxg4 48. fxg4 Ng8 49. h3 Kg7 50. Nf3 Kg6 51. Ne5+ Kf6 52. Nc6 Kg7
53. Nd4 Nf6 54. Nf3 Ne4+ 55. Ke7 Nc3 56. e3 Ne4 57. Ne5 f6 1/2-1/2